Sedimentary geology : (Record no. 7181)

MARC details
000 -LEADER
fixed length control field 00892nam a22002417a 4500
003 - CONTROL NUMBER IDENTIFIER
control field OSt
005 - DATE AND TIME OF LATEST TRANSACTION
control field 20251217071741.0
008 - FIXED-LENGTH DATA ELEMENTS--GENERAL INFORMATION
fixed length control field 251217b |||||||| |||| 00| 0 eng d
020 ## - INTERNATIONAL STANDARD BOOK NUMBER
International Standard Book Number 0-7167-3905-4
040 ## - CATALOGING SOURCE
Original cataloging agency DWC-Main lib
Transcribing agency OC
082 ## - DEWEY DECIMAL CLASSIFICATION NUMBER
Edition number 2nd edition
Classification number Circ. 552.5 P967s 2004
100 ## - MAIN ENTRY--PERSONAL NAME
Personal name Prothero, D.
245 ## - TITLE STATEMENT
Title Sedimentary geology :
Remainder of title an intoduction to sedimentary rocks and stratigraphy
Statement of responsibility, etc. Prothero, Donald R.
250 ## - EDITION STATEMENT
Edition statement 2nd edition
260 ## - PUBLICATION, DISTRIBUTION, ETC.
Place of publication, distribution, etc. New York :
Name of publisher, distributor, etc. W. H. Freeman and company,
Date of publication, distribution, etc. c2004
300 ## - PHYSICAL DESCRIPTION
Extent vii, 557 pages ;
Other physical details colored illustration ;
Dimensions 28 cm.
504 ## - BIBLIOGRAPHY, ETC. NOTE
Bibliography, etc. note Includes bibliographical references and index
650 ## - SUBJECT ADDED ENTRY--TOPICAL TERM
Source of heading or term Geology, stratigraphy
650 ## - SUBJECT ADDED ENTRY--TOPICAL TERM
Source of heading or term Rocks, sedimentary
650 ## - SUBJECT ADDED ENTRY--TOPICAL TERM
Source of heading or term Sedimentation and deposition
700 ## - ADDED ENTRY--PERSONAL NAME
Personal name Schwab, Fred
942 ## - ADDED ENTRY ELEMENTS (KOHA)
Source of classification or shelving scheme Dewey Decimal Classification
Koha item type Book Circulation
Edition 2nd edition
Classification part Circ. 552.5 P967s 2004
Call number prefix Circ.
Suppress in OPAC No
952 ## - LOCATION AND ITEM INFORMATION (KOHA)
--
Holdings
Withdrawn status Lost status Source of classification or shelving scheme Damaged status Not for loan Home library Current library Shelving location Date acquired Source of acquisition Cost, normal purchase price Total Checkouts Full call number Barcode Date last seen Copy number Price effective from Koha item type Uniform Resource Identifier
    Dewey Decimal Classification     College Library College Library Circulation 08/02/2005 School Fund 4759.00   Circ. 552.5 P967s 2004 CL42178 12/17/2025 c1 12/17/2025 BK-CIRC